| 000 | 00580nam a22002177a 4500 | ||
|---|---|---|---|
| 003 | OSt | ||
| 005 | 20140310183100.0 | ||
| 008 | 130301t xxu||||| |||| 00| 0 eng d | ||
| 020 | _a9789715846127 | ||
| 050 |
_aQD 45 _bOc15 2007 |
||
| 082 |
_aFIL 547.07802 _bOc1 2007 |
||
| 245 |
_aLaboratory manual in general chemistry : _bpart 1 _cOcampo, Trinidad M. |
||
| 260 |
_aQuezon City _bC & E Pub _c2007 |
||
| 300 |
_a109 p. _c26 cm |
||
| 521 | _acollege students | ||
| 526 | _c1210L-1700L | ||
| 541 | _j1 | ||
| 541 | _j2 | ||
| 562 | _e2 | ||
| 942 |
_2lcc _cBK _kFIL |
||
| 999 |
_c18722 _d18722 |
||